00966nam a22002777a 4500999001500000001000600015003000900021005001700030008004100047020002200088020002900110040002800139082001900167245009700186250001200283260003200295300003800327504005300365505001200418650002400430651004100454700001800495700002500513942001200538952013800550 c3700d370015395BD-DhUAP20200311112006.0200311s2000 nyua b 001 0 eng d a0393974863 (v. 1) a0393974871 (v. 1 : pbk.) aDLCcDLCdBD-DhUAPbEng00223a820.8 NOR 04aThe Norton anthology of English literature /cEdited by M. H. Abrams and Stephen Greenblatt. a7th ed. aNew York :bNorton,cc2000. avolumes :billustration ;c25 cm. aIncludes bibliographical references and indexes. aV. 1--  0aEnglish literature. 0aGreat BritainxLiterary collections.1 aAbrams, M. H.1 aGreenblatt, Stephen. 2ddccBK 00102ddc4070aUAPCLbUAPCLcGeneral Stacksd2020-03-11l3m5o820.8 NOR V-1p3010015395r2024-11-17s2024-10-15t1w2020-03-11yBK